Städte Polens - Statistiken

Allgemein
  • Dieses Quiz wurde 268 mal gespielt
  • Das Durchschnittsergebnis liegt bei 18 aus 50
Antwortstatistiken
Rang Einwohner Stadt % Korrekt
1 1.790.658 Warschau
99%
6 470.907 Danzig
95%
2 779.115 Krakau
95%
4 642.869 Breslau
88%
3 679.941 Lodz
84%
7 401.907 Stettin
84%
5 534.813 Posen
81%
11 292.774 Kattowitz
77%
9 339.784 Lublin
62%
12 246.348 Gdingen
60%
10 297.554 Białystok
56%
27 128.035 Oppeln
54%
8 348.190 Bromberg
52%
15 201.447 Thorn
50%
14 211.371 Radom
45%
24 141.222 Grünberg
42%
19 178.603 Gleiwitz
41%
20 172.360 Zabrze
41%
13 220.433 Tschenstochau
40%
21 171.979 Allenstein
38%
32 119.317 Elbing
36%
17 196.208 Rzeszów
33%
18 194.852 Kielce
31%
23 165.263 Bytom
30%
38 99.350 Liegnitz
30%
22 170.663 Bielitz-Biala
28%
35 107.807 Chorzów
28%
44 79.061 Hirschberg
27%
36 107.048 Köslin
26%
16 199.974 Sosnowitz
25%
29 123.609 Landsberg an der Warthe
24%
34 108.470 Tarnow
21%
33 111.356 Waldenburg
21%
30 119.425 Plock
20%
41 90.681 Stolp
19%
48 73.139 Schneidemühl
17%
28 127.590 Tichau
14%
39 94.368 Graudenz
13%
37 100.246 Kalisch
13%
47 73.522 Konin
13%
26 137.360 Ruda Śląska
13%
25 138.098 Rybnik
13%
43 83.794 Neu Sandez
12%
50 72.561 Hohensalza
11%
45 78.185 Siedlce
10%
31 119.373 Dombrowa
9%
42 88.743 Bad Königsdorff-Jastrzemb
8%
46 74.618 Myslowitz
8%
49 73.090 Petrikau
8%
40 91.115 Jaworzno
6%
Keine übereinstimmenden Quizze gefunden
Verteilung der Resultate
Anzahl Personen mit jedem Resultat
Perzentil nach korrekt beantworteten Fragen
Ihre Resultats-Entwicklung
Sie haben dieses Quiz noch nicht gespielt